00230nam a2200109Ia 4500008004100000041000800041082001600049100001200065245001500077365001600092700001200108230718s9999 xx 000 0 und d aeng a355.02bTZU aTzu Sun aArt Of War cRs.b195.00 aTzu Sun